Score 0/10 Timer 03:00
6 Plays Today
Question Answer Wrong Answers
Click Button A. [A]
Click me!
99.4%
[B]
Click me!
0.6%
[C]
Click me!
0%
[D]
Click me!
0%
Click D. [D]
Look, he said click D. What are you, chicken?
97.1%
[A]
Don't listen to him! Click A!
0.6%
[B]
I gotta admit, A is pretty cool, honestly.
0.7%
[C]
I mean, if I weren't hoping you'd click me, I'd say A too.
0.2%
Click the letter that appears the most times on its own button. [A]
ADCBAACCBA
89.1%
[B]
BCAADDBCAC
1.6%
[C]
DCCBAADDBC
1.6%
[D]
BDADAACBDC
1.1%
Click what the ''How to Play'' notes tell you to click. [B]
Click me!
87.9%
[A]
Click me!
9.1%
[C]
Click me!
1.1%
[D]
Click me!
1%
Click the only button whose letter isn't seen anywhere in this instruction. [D]
Click D!
85.1%
[A]
Click A!
4.4%
[B]
Click B!
4.1%
[C]
Click C!
2.1%
Click what the URL is telling you to click. [A]
Click C!
84.2%
[B]
Click A!
6.9%
[C]
Click D!
2.7%
[D]
Click B!
2.5%
Click the button that none of the buttons are telling you to click. [A]
Click my pal C!
77.3%
[B]
Click D, you won't regret it.
1.8%
[C]
I say click B. B is always a solid choice.
3.6%
[D]
If you're not clicking me, then don't click on any of these losers.
15.4%
Click ''Click A''. [B]
Click A
72.2%
[A]
Click D
21.4%
[C]
Click C
0.2%
[D]
Click B
0.7%
Click the button that the majority of the buttons approve of. [D]
I vote for B, C, or D, because A sucks.
68.4%
[A]
Click A, B, or D, but whatever you do, don't click C.
6.7%
[B]
C is really your only choice.
4.2%
[C]
I like A and D, myself.
15.7%
Click the only button that hasn't yet been a correct answer in this quiz. [C]
Click me! I'm feeling left out!
61.2%
[A]
Click me! You haven't yet, I swear!
1.9%
[B]
Click me! Don't let me ''B'' lonely!
23.5%
[D]
Click me! No one ever picks D!
6.1%
Remove Ads.
Support Sporcle.
Get the best of Sporcle when you Go Orange. This ad-free experience offers more features, more stats, and more fun while also helping to support Sporcle. Thank you for becoming a member.

You're not logged in!

Compare scores with friends on all Sporcle quizzes.
OR
Log In

Show Comments

Extras

Top Quizzes Today


Score Distribution

Your Account Isn't Verified!

In order to create a playlist on Sporcle, you need to verify the email address you used during registration. Go to your Sporcle Settings to finish the process.

Report this User

Report this user for behavior that violates our Community Guidelines.

Details: